| 000 | 00433cam a2200133 a 4500 | ||
|---|---|---|---|
| 020 | _a2864803798 : | ||
| 040 | _cDLC | ||
| 082 | _a330 PRE 1992 A068 Co. | ||
| 100 | 1 | _aBlanadet, Raymond. | |
| 245 | 1 | 2 |
_aL'Asie du Sud-Est : _bnouvelle puissance économique : Indonésie, Philippines, Thaïlande, Malaysia, Singapour / |
| 260 |
_aNancy : _bPresses universitaires de Nancy, _cc1992. |
||
| 300 |
_a344 p. : _bill. ,; _c24 cm. |
||
| 942 | _cFB | ||
| 999 |
_c14913 _d14913 |
||